The Punjab past and present, v1- part I - II (Record no. 60306)

MARC details
000 -LEADER
fixed length control field 00386nam a2200145Ia 4500
008 - FIXED-LENGTH DATA ELEMENTS--GENERAL INFORMATION
fixed length control field 230917s9999||||xx |||||||||||||| ||und||
040 ## - CATALOGING SOURCE
-- 97249
Original cataloging agency VIVEKANANDA LIBRARY
041 ## - Language
-- English
082 ## - DDC NUMBER
Classification number 954.5 G151P
100 ## - MAIN ENTRY--PERSONAL NAME
Personal name Gunda Singh, ed
245 #4 - TITLE STATEMENT
Title The Punjab past and present, v1- part I - II
260 ## - PUBLICATION, DISTRIBUTION, ETC. (IMPRINT)
Place of publication, distribution, etc Patiala
Name of publisher, distributor, etc Publication Bureau Punjabi University
300 ## - PHYSICAL DESCRIPTION
Pages 403 p.
942 ## - ADDED ENTRY ELEMENTS (KOHA)
Koha item type Books
Holdings
Withdrawn status Lost status Damaged status Not for loan Location (home branch) Sublocation or collection (holding branch) Date acquired Koha issues (times borrowed) Koha full call number Accession No. Koha date last seen Koha item type
        VIVEKANANDA LIBRARY VIVEKANANDA LIBRARY 04/09/2003   954.5 G151P 131245 17/09/2023 Books
© Designed and Maintained by Vivekananda Library, MDU Rohtak